000 00665nam a22001937a 4500
005 20251108173021.0
008 250721s2002 xx 000 0 ara d
082 1 4 _a811.52/طبا
100 1 _aإبن طباطبا، أبو القاسم أحمد......... الرس
_eجامع
245 1 0 _aشعر إبن طباطبا العلوي الإصبهاني /
264 1 _aعمان :
_bدار المناهج للنشر و التوزيع،
_c2002.
300 _a311ص.
650 1 7 _aالشعر العربي
650 1 7 _aالنقد الأدبي
650 1 7 _aالعصر العباسي
700 1 _aعلاونه، شريف
_eed.
942 _2ddc
_cBK
999 _c94124
_d94124